000 00655nam a2200229Ia 4500
003 OSt
005 20220923225000.0
006 a|||||r|||| 00| 0
007 ta
008 Pun
024 _a254,641
037 _cTextual
040 _aARTS
_cARTS
_bPun
041 _2Pun
_aPun
082 _aO153,3NCH:g, N2
100 _aਭਾਟਿਆ, ਹਰਭਜਨ ਸਿੰਘ
_9156274
245 0 _aਸਵਰਨ ਚੰਦਨ ਦੀ ਗਲਪ ਚੇਤਨਾ
260 _c1992
650 _aਪੰਜਾਬੀ ਸਾਹਿਤ
942 _hO153,3NCH:g, N2
_cTEXL
_2CC
999 _c375211
_d375211